<?xml version="1.0" encoding="UTF-8"?>
<record
    xmlns:xsi="http://www.w3.org/2001/XMLSchema-instance"
    xsi:schemaLocation="http://www.loc.gov/MARC21/slim http://www.loc.gov/standards/marcxml/schema/MARC21slim.xsd"
    xmlns="http://www.loc.gov/MARC21/slim">

  <leader>04486cam a22003375a 4500</leader>
  <datafield tag="999" ind1=" " ind2=" ">
    <subfield code="c">26945</subfield>
    <subfield code="d">26917</subfield>
  </datafield>
  <controlfield tag="001">016122682</controlfield>
  <controlfield tag="003">Uk</controlfield>
  <controlfield tag="005">20181104105539.0</controlfield>
  <controlfield tag="008">120702s2013    enka   frb    001 0 eng d</controlfield>
  <datafield tag="015" ind1=" " ind2=" ">
    <subfield code="a">GBB267739</subfield>
    <subfield code="2">bnb</subfield>
  </datafield>
  <datafield tag="016" ind1="7" ind2=" ">
    <subfield code="a">016122682</subfield>
    <subfield code="2">Uk</subfield>
  </datafield>
  <datafield tag="020" ind1=" " ind2=" ">
    <subfield code="a">9781444336764 (pbk.)</subfield>
  </datafield>
  <datafield tag="020" ind1=" " ind2=" ">
    <subfield code="a">1444336762 (pbk.)</subfield>
  </datafield>
  <datafield tag="040" ind1=" " ind2=" ">
    <subfield code="a">StDuBDS</subfield>
    <subfield code="b">eng</subfield>
    <subfield code="c">StDuBDS</subfield>
    <subfield code="d">Uk</subfield>
    <subfield code="d">EG-ScBUE</subfield>
  </datafield>
  <datafield tag="082" ind1="0" ind2="4">
    <subfield code="a">617.645</subfield>
    <subfield code="b">DUG</subfield>
    <subfield code="2">22</subfield>
  </datafield>
  <datafield tag="100" ind1="1" ind2=" ">
    <subfield code="a">Duggal, Monty S.</subfield>
    <subfield code="9">41890</subfield>
  </datafield>
  <datafield tag="245" ind1="1" ind2="0">
    <subfield code="a">Paediatric dentistry at a glance /</subfield>
    <subfield code="c">Monty Duggal, Angus Cameron, Jack Toumba.</subfield>
  </datafield>
  <datafield tag="260" ind1=" " ind2=" ">
    <subfield code="a">Chichester ;</subfield>
    <subfield code="a">Oxford :</subfield>
    <subfield code="b">Wiley-Blackwell / John  Wiley,</subfield>
    <subfield code="c">2013.</subfield>
  </datafield>
  <datafield tag="300" ind1=" " ind2=" ">
    <subfield code="a">120 p. :</subfield>
    <subfield code="b">ill. (col.) ;</subfield>
    <subfield code="c">28 cm.</subfield>
  </datafield>
  <datafield tag="490" ind1="0" ind2=" ">
    <subfield code="a">At a glance series</subfield>
  </datafield>
  <datafield tag="504" ind1=" " ind2=" ">
    <subfield code="a">Includes bibliographical references and index.</subfield>
  </datafield>
  <datafield tag="505" ind1="0" ind2=" ">
    <subfield code="a">Title page; Copyright page; Contents; Treatment planning, growth and development; 1: Planning treatment for children; General philosophy of the authors; Philosophy of treatment planning; History; Examination; Radiographs and other investigations; Diagnosis; Formulating treatment plan; Restore or extract; Management strategy --
LA, LA with sedation or GA?; Preventive strategy; Choice of materials; Developmental anomalies; Medical history and treatment planning; 2: Growth and development; Development of the nasomaxillary complex; Mandibular growth; Tooth development; Tooth eruption. Eruption times for the primary teeth (in months)Eruption times permanent dentition (in years); Methods of assessing growth; Methods of monitoring somatic growth; Dental age --
why is it important?; 3: Child cognitive and psychological development; Introduction; Theories of cognitive and psychological development; John Piaget's theory of cognitive development; Erikson's psychosocial theory (Table); Freud's psychosexual theory; Behavioural theories of child development; Social theories of child development; The attachment theory by John Bowlby (Fig.); Vygotsky's sociocultural theory. Strategies for management of the child patient4: Behaviour management; Introduction; Dentist's manner and appearance; The dental environment; Parental and peer influences; Basic behaviour management techniques; Tell-show-do; Behaviour shaping; Modelling; Distraction; 5: Aversive conditioning and management of phobia; Introduction; Aversive conditioning; Negative reinforcement; Behaviour modification strategies; Flooding; Selective exclusion of the parent; Phobia; Systematic desensitisation; Preventing the development of dental phobia; 6: Local analgesia; Philosophy; Explanation. Topical/surface analgesiaCommonly used local anaesthetics; Infiltration analgesia; Direct/indirect palatal; Inferior dental block; Intraligamental; The Wand (Fig.); Contraindications of local analgesia; Maximum doses; 7: Conscious sedation; Definition; Indications; Preparing for sedation; Documentation; Inhalation sedation; Titration technique; Signs and symptoms of adequate sedation; Scavenging; Oral sedation; Intravenous sedation; Monitoring of sedated patients; 8: General anaesthesia; Indications for general anaesthesia; Planning treatment under GA; Consent; Fasting. Working with the anaesthetistChoice of airway; Communication with ward staff; Choice of analgesia; Use of local analgesia; Use of rubber dam; Discharge; Acknowledgement; 9: Rubber dam; Background; History; Indications; Advantages; Contraindications; Technique for rubber dam placement; Preparation of child for rubber dam; Single molar isolation (Fig.); Trough technique for quadrant isolation; Dry dam for anterior teeth; 10: Dental radiography; Radiographs in children; Radiographic caries diagnosis in children; Benefits of bitewing radiographs.</subfield>
  </datafield>
  <datafield tag="520" ind1=" " ind2=" ">
    <subfield code="a">Paediatric Dentistry at a Glance is the new title in the highly popular at a Glance series. It provides a concise and accessible introduction and revision aid, comprehensively covering all the constituent sub-topics that comprise paediatric dentistry. Following the familiar, easy-to-use at a Glance format, each topic is presented as a double-page spread with facts accompanied by clear diagrams and clinical photographs encapsulating essential knowledge. Structured over 7 sections, Paediatric Dentistry at a Glance covers: &#xB7; Physical assessment and treatment planning&#xB7; Prevention an.</subfield>
  </datafield>
  <datafield tag="650" ind1=" " ind2="7">
    <subfield code="a">Pedodontics.</subfield>
    <subfield code="2">BUEsh</subfield>
    <subfield code="9">39506</subfield>
  </datafield>
  <datafield tag="651" ind1=" " ind2=" ">
    <subfield code="2">BUEsh</subfield>
  </datafield>
  <datafield tag="653" ind1=" " ind2=" ">
    <subfield code="b">DDent</subfield>
    <subfield code="c">November2018</subfield>
  </datafield>
  <datafield tag="655" ind1=" " ind2=" ">
    <subfield code="v">Text book</subfield>
  </datafield>
  <datafield tag="700" ind1="1" ind2=" ">
    <subfield code="a">Cameron, Angus C.</subfield>
    <subfield code="9">41891</subfield>
  </datafield>
  <datafield tag="700" ind1="1" ind2=" ">
    <subfield code="a">Toumba, Jack.</subfield>
    <subfield code="9">41892</subfield>
  </datafield>
  <datafield tag="942" ind1=" " ind2=" ">
    <subfield code="2">ddc</subfield>
  </datafield>
  <datafield tag="952" ind1=" " ind2=" ">
    <subfield code="0">0</subfield>
    <subfield code="1">0</subfield>
    <subfield code="2">ddc</subfield>
    <subfield code="4">0</subfield>
    <subfield code="7">0</subfield>
    <subfield code="8">Baccah</subfield>
    <subfield code="a">MAIN</subfield>
    <subfield code="b">MAIN</subfield>
    <subfield code="c">1ST</subfield>
    <subfield code="d">2018-11-04</subfield>
    <subfield code="e">Purchase</subfield>
    <subfield code="g">800.00</subfield>
    <subfield code="l">0</subfield>
    <subfield code="o">617.645 DUG</subfield>
    <subfield code="p">000043787</subfield>
    <subfield code="r">2025-07-15 00:00:00</subfield>
    <subfield code="y">NB</subfield>
  </datafield>
  <datafield tag="952" ind1=" " ind2=" ">
    <subfield code="0">0</subfield>
    <subfield code="1">0</subfield>
    <subfield code="2">ddc</subfield>
    <subfield code="4">0</subfield>
    <subfield code="7">0</subfield>
    <subfield code="8">Baccah</subfield>
    <subfield code="a">MAIN</subfield>
    <subfield code="b">MAIN</subfield>
    <subfield code="c">1ST</subfield>
    <subfield code="d">2018-11-04</subfield>
    <subfield code="e">Purchase</subfield>
    <subfield code="g">800.00</subfield>
    <subfield code="l">3</subfield>
    <subfield code="m">2</subfield>
    <subfield code="o">617.645 DUG</subfield>
    <subfield code="p">000043788</subfield>
    <subfield code="r">2025-07-15 00:00:00</subfield>
    <subfield code="s">2021-05-27</subfield>
    <subfield code="y">BB</subfield>
  </datafield>
  <datafield tag="952" ind1=" " ind2=" ">
    <subfield code="0">0</subfield>
    <subfield code="1">0</subfield>
    <subfield code="2">ddc</subfield>
    <subfield code="4">0</subfield>
    <subfield code="7">0</subfield>
    <subfield code="8">Baccah</subfield>
    <subfield code="a">MAIN</subfield>
    <subfield code="b">MAIN</subfield>
    <subfield code="c">1ST</subfield>
    <subfield code="d">2018-11-04</subfield>
    <subfield code="e">Purchase</subfield>
    <subfield code="g">800.00</subfield>
    <subfield code="l">0</subfield>
    <subfield code="o">617.645 DUG</subfield>
    <subfield code="p">000043789</subfield>
    <subfield code="r">2025-07-15 00:00:00</subfield>
    <subfield code="y">BB</subfield>
  </datafield>
  <datafield tag="952" ind1=" " ind2=" ">
    <subfield code="0">0</subfield>
    <subfield code="1">0</subfield>
    <subfield code="2">ddc</subfield>
    <subfield code="4">0</subfield>
    <subfield code="7">0</subfield>
    <subfield code="8">Baccah</subfield>
    <subfield code="a">MAIN</subfield>
    <subfield code="b">MAIN</subfield>
    <subfield code="c">1ST</subfield>
    <subfield code="d">2018-11-04</subfield>
    <subfield code="e">Purchase</subfield>
    <subfield code="g">800.00</subfield>
    <subfield code="l">2</subfield>
    <subfield code="m">2</subfield>
    <subfield code="o">617.645 DUG</subfield>
    <subfield code="p">000043790</subfield>
    <subfield code="r">2023-06-12 00:00:00</subfield>
    <subfield code="s">2022-11-20</subfield>
    <subfield code="y">BB</subfield>
  </datafield>
  <datafield tag="952" ind1=" " ind2=" ">
    <subfield code="0">0</subfield>
    <subfield code="1">0</subfield>
    <subfield code="2">ddc</subfield>
    <subfield code="4">0</subfield>
    <subfield code="7">0</subfield>
    <subfield code="8">Baccah</subfield>
    <subfield code="a">MAIN</subfield>
    <subfield code="b">MAIN</subfield>
    <subfield code="c">1ST</subfield>
    <subfield code="d">2018-11-04</subfield>
    <subfield code="e">Purchase</subfield>
    <subfield code="g">800.00</subfield>
    <subfield code="l">2</subfield>
    <subfield code="m">47</subfield>
    <subfield code="o">617.645 DUG</subfield>
    <subfield code="p">000043791</subfield>
    <subfield code="r">2025-07-15 00:00:00</subfield>
    <subfield code="s">2024-11-25</subfield>
    <subfield code="y">BB</subfield>
  </datafield>
</record>
